Electrónica digital para electricistas

Bibliographic Details
Main Author: Morris, Noel M
Format: Section = Libro
Language:Undetermined
Spanish
Published: Madrid, España Paraninfo 1982
Subjects:
LEADER 00515nam a2200193Ia 4500
008 240829s9999 xx 000 0 und d
020 |a 84-283-1191-9 
040 |a BIBLIOTECA-RUSB/ 621.38173 M877 
041 |a spa 
082 |a 621.38173 M877 
100 1 |a Morris, Noel M 
245 1 0 |a Electrónica digital para electricistas 
260 |a Madrid, España  |b Paraninfo  |c 1982 
300 |a 195 p. :il. 
650 7 |a ELECTRONICA DIGITAL 
650 7 |b  INGENIERIA ELECTRICA 
942 |c BK  |2 ddc 
991 |a TEXTO 
999 |c 3451